00918nam a2200229 u 450000100100000000500170001000800410002702000150006804000250008308200230010810000260013124500870015725000120024426000490025630000210030559000750032665000310040191000370043204900090046995201930047899900170067100003616020240503185327.0111221s1970 mx r 000 0 spa d a9682302161 aDO-SdBNPbspacBNPHU a330.9bR658L, 19701 aRobinson, Joan95032610aLibertad y necesidad :bintroducción al estudio de la sociedad /cJoan Robinson. a11a ed. aMéxico :bSiglo veintiuno Editores,c1970. a154 p. ;c20 cm. aPerteneció a la biblioteca personal de Juan Isidro Jimenes Grullón 0aHistoria económica91620 aValidado. Control de calidad MFF aBNPD 001050718MOaGRbGRcHDd2011-12-21iLF1l0o330.9 R658L, 1970p36160-10r2020-06-25w2020-06-25y1zPerteneció a la biblioteca personal de Juan Isidro Jimenes GrullónZNo se presta c35651d35651